000 00738nam a22002297a 4500
003 UA-OsUOA
001 45053
007 ta
008 20070322b un ||||| |||| 00| 0 ukr d
090 _a016(477.87)
_bУ45
942 _cBK
040 _aUA-OsUOA
_bukr
_cUA-OsUOA
_dUA-OsUOA
245 _aУкраїнські Карпати
_bПрирода. Економіка. Історія. Народознавство. Бібліографічний покажчик за 2000 рік
300 _a326 с.
955 _a2
041 _aukr
080 _a016(477.87)
020 _a966-02-3488-0
260 _aЛьвів
_c2005
650 7 _a01 Бібліографія і бібліографії. Каталоги
_2UDC
999 _c331117
_d331117